000 01433nam a22003137a 4500
005 20100903154458.0
008 100903t xxu||||| |||| 00| 0 eng d
010 _aENG-101406
020 _a9788132104643
_c350.00
035 _aEN-84939
037 _bDBAD/PUB
040 _aDpl
_bEng
082 0 0 _a658.408
100 1 _918020
245 1 0 _aSocial responsibility and environmental sustainability in business :
_cedited by Preeta M. Banerjee [and] Vanita Shastri.
_bhow organizations handle profits and social duties /
260 _aNew Delhi
_bSAGE Publications
_c2010
270 _aB1/I-1 Mohan Cooperative In dustrial Area, Mathura Road
_bNew Delhi
_e110044
300 _axxxii,184p. :
_bill.
_c23cm (pbk)
500 _aIncludes bibliographical references and index.
650 0 _aSocial responsibility of business.
_918021
650 0 _aSocial entrepreneurship.
_918022
650 0 _aCorporations
_918023
_xEnvironmental aspects.
700 _aBanerjee, Preeta M.
_918024
700 _aShastri, Vanita
_918176
856 4 1 _3Table of contents only
_uhttp://www.loc.gov/catdir/toc/ecip0813/2008011837.html
942 _2ddc
_cEN
_h658.408
_mSOC
999 _c43647
_d43647